[Event "Vrindavana MMT op"]
[Site "Mathura"]
[Date "2023.04.25"]
[Round "5"]
[White "Chavan, Nameet"]
[Black "Nakul, Chaudhary"]
[Result "1-0"]
[WhiteElo "1841"]
[BlackElo "1531"]
[PlyCount "85"]
[EventDate "2023.04.23"]
[EventType "swiss"]
[EventRounds "9"]
[EventCountry "IND"]
[SourceTitle "CBM 213 Extra"]
[Source "ChessBase"]
[SourceDate "2023.05.31"]
[SourceVersion "1"]
[SourceVersionDate "2023.05.31"]
[SourceQuality "1"]

1. e4 e5 2. Nf3 Nc6 3. Bb5 f5 4. d3 Nf6 5. Nc3 Be7 6. Bxc6 dxc6 7. Nxe5 fxe4 8. dxe4 Qxd1+ 9. Kxd1 Be6 10. Ke2 Bb4 11. f3 0-0-0 12. Nd1 Rhe8 13. Nf2 a6 14. a3 Bf8 15. Be3 Bg8 16. Ned3 Bf7 17. Rhe1 Bd6 18. Bf4 Bxf4 19. Nxf4 g5 20. N4d3 g4 21. Rad1 gxf3+ 22. gxf3 Bh5 23. e5 Nd7 24. Ng4 Bxg4 25. fxg4 Nxe5 26. Nxe5 Rxe5+ 27. Kf3 Red5 28. Rxd5 cxd5 29. Re7 Rd7 30. Rxd7 Kxd7 31. Kf4 Ke6 32. h4 c5 33. g5 b5 34. h5 d4 35. Ke4 a5 36. b3 a4 37. bxa4 bxa4 38. g6 hxg6 39. hxg6 Kf6 40. Kd5 Kxg6 41. Kxc5 Kf6 42. Kxd4 Ke6 43. Kc5 1-0

[Event "Vrindavana MMT op"]
[Site "Mathura"]
[Date "2023.04.25"]
[Round "6"]
[White "Mraduhas, Tripathi"]
[Black "Chavan, Nameet"]
[Result "1/2-1/2"]
[WhiteElo "1589"]
[BlackElo "1841"]
[PlyCount "85"]
[EventDate "2023.04.23"]
[EventType "swiss"]
[EventRounds "9"]
[EventCountry "IND"]
[SourceTitle "CBM 213 Extra"]
[Source "ChessBase"]
[SourceDate "2023.05.31"]
[SourceVersion "1"]
[SourceVersionDate "2023.05.31"]
[SourceQuality "1"]

1. e4 c5 2. Nf3 Nc6 3. d4 cxd4 4. Nxd4 g6 5. Nc3 Bg7 6. Be3 Nf6 7. Bc4 0-0 8. Bb3 e6 9. 0-0 d5 10. exd5 exd5 11. h3 h6 12. Qd2 Nxd4 13. Bxd4 Be6 14. Rad1 a6 15. Rfe1 Rc8 16. f3 b5 17. Ne2 Re8 18. c3 Qd7 19. Nf4 g5 20. Nd3 Bf5 21. Ne5 Qc7 22. Ng4 Bxg4 23. hxg4 Rcd8 24. a3 Qd7 25. Bc2 Rxe1+ 26. Rxe1 Re8 27. Bb3 Rxe1+ 28. Qxe1 Qe6 29. Kf1 Nd7 30. Bxg7 Kxg7 31. Qd2 Nb6 32. Qd4+ Qf6 33. Qe3 Nc4 34. Bxc4 dxc4 35. Kf2 Qc6 36. Qd4+ f6 37. g3 Kf7 38. Qa7+ Kg6 39. Qd4 Qe6 40. Qd8 f5 41. gxf5+ Kxf5 42. g4+ Kg6 43. Qd4 1/2-1/2

[Event "Mumbai Wealth U2050 op 5th"]
[Site "Mumbai"]
[Date "2020.01.06"]
[Round "7"]
[White "Md, Imran"]
[Black "Chavan, Nameet"]
[Result "1-0"]
[WhiteElo "1782"]
[BlackElo "1830"]
[PlyCount "73"]
[EventDate "2020.01.02"]
[EventType "swiss"]
[EventRounds "9"]
[EventCountry "IND"]
[SourceTitle "CBM 194 Extra"]
[Source "ChessBase"]
[SourceDate "2020.03.31"]
[SourceVersion "1"]
[SourceVersionDate "2020.03.31"]
[SourceQuality "1"]

1. d4 Nf6 2. Nf3 g6 3. Bf4 Bg7 4. e3 d6 5. h3 Nbd7 6. Be2 c6 7. 0-0 0-0 8. c4 a6 9. a4 b6 10. Nc3 Bb7 11. Qc2 Rc8 12. Rfd1 Nb8 13. b4 Re8 14. e4 e6 15. e5 Nh5 16. Bh2 d5 17. g4 c5 18. bxc5 Nc6 19. gxh5 dxc4 20. Qb2 a5 21. Ne4 Nb4 22. Nd6 Bd5 23. Rac1 bxc5 24. Nxc8 Qxc8 25. dxc5 Qc6 26. Ne1 Bh6 27. f4 g5 28. Qd4 Kh8 29. Bxc4 gxf4 30. Bxd5 Nxd5 31. Qe4 Qa6 32. Qd3 Qc6 33. Qe4 Qa6 34. Nf3 Ne3 35. Rd2 Rg8+ 36. Kh1 Nf1 37. Qe2 1-0